Famous Romantic Era Composers - Statistics

General Stats
  • This quiz has been taken 81 times
  • The average score is 20 of 32
Answer Stats
Nationality Birth Death Notable Work Answer % Correct
Russian 1840 1893 1812 Overture Pyotr Ilyich Tchaikovsky
92%
Polish 1810 1849 Ballades/Nocturnes/Mazurkas etc... Frédéric Chopin
89%
German 1813 1883 The Ring of the Nibelung Richard Wagner
86%
Austrian 1797 1828 Unfinished Symphony (No. 8) Franz Schubert
84%
French 1838 1875 Carmen Georges Bizet
83%
Czech 1841 1904 Symphony from the New World (No. 9) Antonín Dvořák
81%
Italian 1813 1901 Aida Giuseppe Verdi
79%
Norwegian 1843 1907 Peer Gynt Edvard Grieg
78%
Hungarian 1811 1886 Transcendental Etudes Franz Liszt
78%
French 1835 1921 The Carnival of the Animals Camille Saint-Saëns
76%
Finnish 1865 1957 Finlandia Jean Sibelius
76%
Italian 1858 1924 Madama Butterfly Giacomo Puccini
75%
German 1810 1859 Kinderszenen Robert Schumann
75%
Italian 1792 1868 The Barber of Seville Gioachino Rossini
71%
German 1864 1949 Also sprach Zarathustra Richard Strauss
71%
German 1809 1849 A Midsummer Night's Dream Felix Mendelssohn
67%
French 1803 1869 Symphonie fantastique Hector Berlioz
65%
Russian 1873 1943 Rhapsody on a Theme of Paganini Sergei Rachmaninoff
65%
British 1857 1934 Enigma Variations Edward Elgar
62%
Czech 1824 1884 The Moldau Bedřich Smetana
59%
Austro-Bohemian 1860 1911 Resurrection Symphony (No. 2) Gustav Mahler
59%
German 1833 1897 A German Requiem Johannes Brahms
57%
Russian 1844 1908 Scheherezade Nikolai Rimsky-Korsakov
54%
Russian 1839 1881 Pictures at an Exhibition Modest Mussorgsky
52%
Russian 1833 1887 In the Steppes of Central Asia Alexander Borodin
37%
American 1854 1932 The Stars and Stripes Forever John Philip Sousa
35%
French 1845 1924 Dolly Suite Gabriel Fauré
33%
Austrian 1824 1896 Romantic Symphony (No. 4) Anton Bruckner
32%
German 1786 1826 Der Freischutz Carl Maria von Weber
30%
Spanish 1860 1909 Iberia Isaac Albéniz
30%
French/Belgian 1822 1890 Prelude, Fugue and Variations César Franck
27%
American 1867 1944 Gaelic Symphony Amy Beach
14%
No matching quizzes found
Score Distribution
Percent of People with Each Score
Percentile by Number Answered
Your Score History
You have not taken this quiz